500 Music Artists by Most Popular Album - Statistics

General Stats
  • This quiz has been taken 309 times
  • The average score is 145 of 500
Answer Stats
Hint Answer % Correct
Abbey Road (1969) The Beatles
84%
Thriller (1982) Michael Jackson
83%
...Baby One More Time (1999) Britney Spears
81%
Get Rich or Die Tryin' (2003) 50 Cent
79%
Back in Black (1980) AC/DC
78%
Purple Rain (1984) Prince
78%
Like a Virgin (1984) Madonna
77%
M!ssundaztood (2001) P!nk
77%
Hunting High and Low (1985) a-ha
76%
Let's Stay Together (1972) Al Green
75%
The Lady Killer (2010) CeeLo Green
75%
The ___ ___ LP (2000) Eminem
75%
The Velvet Rope (1997) Janet Jackson
75%
Renaissance (2022) Beyoncé
74%
Goodbye Yellow Brick Road (1973) Elton John
74%
Nevermind (1991) Nirvana
73%
The Dark Side of the Moon (1973) Pink Floyd
73%
A Night at the Opera (1975) Queen
73%
A Lot About Livin' (And a Little 'Bout Love) (1992) Alan Jackson
72%
Faith (1987) George Michael
71%
American Idiot (2004) Green Day
71%
Thank U, Next (2019) Ariana Grande
70%
The Rise and Fall of Ziggy Stardust and the Spiders From Mars (1972) David Bowie
70%
Hotel California (1976) Eagles
70%
1989 (2014) Taylor Swift
70%
My Beautiful Dark Twisted Fantasy (2010) Kanye West
69%
Master of Puppets (1986) Metallica
69%
Back To Black (2006) Amy Winehouse
68%
Teenage Dream (2010) Katy Perry
68%
The Fame Monster (2009) Lady Gaga
68%
OK Computer (1997) Radiohead
68%
Californication (1999) Red Hot Chili Peppers
68%
Rumours (1975) Fleetwood Mac
67%
Sticky Fingers (1971) The Rolling Stones
67%
Blue Hawaii (1961) Elvis Presley
66%
Short n' Sweet (2024) Sabrina Carpenter
66%
The Blueprint (2001) JAY-Z
65%
London Calling (1979) The Clash
65%
The Joshua Tree (1987) U2
65%
21 (2011) Adele
64%
24K Magic (2016) Bruno Mars
64%
Imagine (1971) John Lennon
64%
Pet Sounds (1966) The Beach Boys
64%
Born to Run (1975) Bruce Springsteen
63%
Are You Experienced (1967) Jimi Hendrix
63%
To Pimp a Butterfly (2015) Kendrick Lamar
63%
IV (1971) Led Zeppelin
63%
ANTI (2016) Rihanna
63%
WHEN WE ALL FALL ASLEEP, WHERE DO WE GO? (2019) Billie Eilish
61%
Take Care (2011) Drake
61%
Graceland (1986) Paul Simon
61%
Paranoid (1970) Black Sabbath
60%
Jolene (1974) Dolly Parton
60%
Appetite for Destruction (1987) Guns N' Roses
60%
The Miseducation of ___ ___ (1998) Lauryn Hill
60%
All Eyez on Me (1996) 2Pac
59%
Tapestry (1971) Carole King
59%
Montero (2021) Lil Nas X
59%
What's Going On (1971) Marvin Gaye
59%
Band On The Run (1973) Paul McCartney / Wings
59%
In the Lonely Hour (2014) Sam Smith
59%
Doggystyle (1993) Snoop Dogg
59%
Soul Mining (1983) The The
59%
Big Willie Style (1997) Will Smith
59%
Bridge Over Troubled Water (1970) Simon & Garfunkel
58%
Slippery When Wet (1986) Bon Jovi
57%
I Love Rock 'n Roll (1981) Joan Jett / The Blackhearts
57%
Songs in the Key of Life (1976) Stevie Wonder
57%
Highway 61 Revisited (1965) Bob Dylan
56%
Parachutes (2000) Coldplay
56%
Straight Outta Compton (1989) N.W.A.
56%
(What's the Story) Morning Glory? (1995) Oasis
56%
The Final Countdown (1986) Europe
55%
Sweet Baby ___ (1970) James Taylor
55%
Ready to Die (1994) The Notorious B.I.G.
55%
Synchronicity (1983) The Police
55%
The Chronic (1992) Dr. Dre
54%
In the Wee Small Hours (1955) Frank Sinatra
54%
At Folsom Prison (1968) Johnny Cash
53%
Tommy (1969) The Who
53%
SOUR (2021) Olivia Rodrigo
52%
Ten (1991) Pearl Jam
52%
Automatic for the People (1992) R.E.M.
52%
Rebel Yell (1983) Billy Idol
51%
The Stranger (1977) Billy Joel
51%
After the Gold Rush (1970) Neil Young
51%
Strange Days (1967) The Doors
51%
ABC (1970) The Jackson 5
51%
Astroworld (2018) Travis Scott
51%
Merry Christmas (1955) Bing Crosby
50%
Funk Wav Bounces Vol. 1 (2017) Calvin Harris
50%
Purpose (2015) Justin Bieber
50%
The ___ ___ & Nico (1967) The Velvet Underground
50%
At Last! (1960) Etta James
49%
Songs About Jane (2002) Maroon 5
49%
Toys in the Attic (1975) Aerosmith
48%
I Never Loved a Man the Way I Love You (1967) Aretha Franklin
48%
Can't Get Enough (1974) Barry White
48%
Paul's Boutique (1989) Beastie Boys
48%
Brothers in Arms (1985) Dire Straits
48%
The Emancipation of Mimi (2005) Mariah Carey
48%
Parallel Lines (1978) Blondie
47%
Future Nostalgia (2020) Dua Lipa
47%
Divide (2017) Ed Sheeran
47%
All Things Must Pass (1970) George Harrison
47%
Boarding House Reach (2018) Jack White
47%
Born to Die (2012) Lana Del Rey
47%
Hybrid Theory (2000) Linkin Park
47%
Pink Friday (2010) Nicki Minaj
47%
The Queen Is Dead (1986) The Smiths
47%
The Number of the Beast (1982) Iron Maiden
46%
The 20/20 Experience (2013) Justin Timberlake
46%
Exodus (1977) Bob Marley / The Wailers
45%
Believe (1998) Cher
45%
American Pie (1971) Don McLean
45%
Igor (2019) Tyler, The Creator
45%
Blonde (2016) Frank Ocean
44%
Hounds of Love (1985) Kate Bush
44%
Tha Carter III (2008) Lil Wayne
44%
Arrival (1976) ABBA
43%
Kind of Blue (1959) Miles Davis
43%
Illmatic (1994) Nas
43%
After Hours (2020) The Weeknd
43%
Drops of Jupiter (2001) Train
43%
AM (2013) Arctic Monkeys
42%
The E.N.D. (2009) Black Eyed Peas
42%
The "Chirping" Crickets (1957) Buddy Holly
42%
Invasion of Privacy (2018) Cardi B
42%
The Payback (1973) James Brown
42%
Aquemini (1998) Outkast
42%
Siamese Dream (1993) Smashing Pumpkins
42%
Breakfast in America (1979) Supertramp
42%
Remain in Light (1980) Talking Heads
42%
F.A.M.E. (2011) Chris Brown
41%
The Heist (2012) Macklemore & Ryan Lewis
41%
The Black Parade (2006) My Chemical Romance
41%
Blizzard of ___ (1980) Ozzy Osbourne
41%
Street Songs (1981) Rick James
41%
Hot Fuss (2004) The Killers
41%
The ___ Are the Village Green Preservation Society (1968) The Kinks
41%
Where Did Our Love Go (1964) The Supremes
41%
Astral Weeks (1968) Van Morrison
41%
Enter the ___-___ (36 Chambers) (1993) Wu-Tang Clan
41%
Stripped (2002) Christina Aguilera
40%
Selling England by the Pound (1973) Genesis
40%
In the Court of the ___ ___ (1969) King Crimson
40%
Face Value (1981) Phil Collins
40%
Toxicity (2001) System of a Down
40%
Fine Line (2019) Harry Styles
39%
Ace of Spades (1980) Motörhead
39%
Elephant (2003) The White Stripes
39%
Millennium (1999) Backstreet Boys
38%
Enema of the State (1999) blink-182
38%
Melodrama (2017) Lorde
38%
Come Away With Me (2002) Norah Jones
38%
GIRL (2014) Pharrell Williams
38%
It Takes a Nation of Millions to Hold Us Back (1988) Public Enemy
38%
CrazySexyCool (1994) TLC
38%
Cosmo's Factory (1970) Creedence Clearwater Revival
37%
Discovery (2001) Daft Punk
37%
Up All Night (2011) One Direction
37%
beerbongs & bentleys (2018) Post Malone
37%
Modern Sounds in Country and Western Music (1962) Ray Charles
37%
1984 (1984) Van Halen
37%
My Love Us Your Love (1998) Whitney Houston
37%
Violator (1990) Depeche Mode
36%
Destroyer (1976) KISS
36%
Make It Big (1984) Wham!
36%
Un verano sin ti (2022) Bad Bunny
35%
The Writing's on the Wall (1999) Destiny's Child
35%
Raw Power (1973) Iggy Pop / The Stooges
35%
Blue (1971) Joni Mitchell
35%
No Strings Attached (2000) NSYNC
35%
Pinkerton (1996) Weezer
35%
Red Headed Stranger (1975) Willie Nelson
35%
The Rise and Fall of a Midwest Princess (2023) Chappell Roan
34%
461 Ocean Boulevard (1974) Eric Clapton
34%
The Lonesome Sound of ___ ___ (1960) Hank Williams
34%
AmeriKKKa's Most Wanted (1990) Ice Cube
34%
Pearl (1971) Janis Joplin
34%
Rocky Mountain High (1972) John Denver
34%
Escape (1981) Journey
34%
Plastic Hearts (2020) Miley Cyrus
34%
The Downward Spiral (1994) Nine Inch Nails
34%
Please Excuse Me for Being Anti Social (2019) Roddy Ricch
34%
Songs From the Big Chair (1985) Tears For Fears
34%
Seventeen Seconds (1980) The Cure
34%
Confessions (2004) Usher
34%
Falling Into You (1996) Céline Dion
33%
___, ___, & ___ (1969) Crosby, Stills & Nash
33%
The Boss (1979) Diana Ross
33%
Planet Her (2021) Doja Cat
33%
Demon Days (2005) Gorillaz
33%
A Love Supreme (1965) John Coltrane
33%
Transformer (1972) Lou Reed
33%
Raising Hell (1986) Run-D.M.C.
33%
Dónde están los landrones? (1998) Shakira
33%
Aja (1977) Steely Dan
33%
Ctrl (2017) SZA
33%
Music From Big Pink (1968) The Band
33%
Close to the Edge (1972) Yes
33%
The Diary of ___ ___ (2003) Alicia Keys
32%
The Score (1996) Fugees
32%
Love.Angel.Music.Baby. (2004) Gwen Stefani
32%
The Dude (1981) Quincy Jones
32%
Dirt (1992) Alice in Chains
31%
Odessa (1969) Bee Gees
31%
___ Transit Authority (1969) Chicago
31%
Chocolate Starfish and the Hot Dog Flavored Water (2000) Limp Bizkit
31%
Doolittle (1989) Pixies
31%
Moving Pictures (1981) Rush
31%
Every Picture Tells a Story (1971) Rod Stewart
30%
Rare (2020) Selena Gomez
30%
Alligator Bites Never Heal (2024) Doechii
29%
This Year's Model (1978) Elvis Costello
29%
Dreamboat Annie (1976) Heart
29%
Rust in Peace (1990) Megadeath
29%
There's a Riot Goin' On (1971) Sly & The Family Stone
29%
Happy Together (1969) The Turtles
29%
Why Can't We Be Friends? (1975) War
29%
Tea for the Tillerman (1970) Yusuf / Cat Stevens
29%
___ Presents: The Adventures of Bobby Ray (2010) B.o.B
28%
A Winter Romance (1959) Dean Martin
28%
Breakaway (2004) Kelly Clarkson
28%
Shout at the Devil (1983) Mötley Crüe
28%
Evil Empire (1996) Rage Against The Machine
28%
Sentimental Journey (1970) Ringo Starr
28%
After School Session (1957) Chuck Berry
27%
All 'n All (1977) Earth, Wind & Fire
27%
Out of the Blue (1977) Electric Light Orchestra
27%
Can't Slow Down (1983) Lionel Richie
27%
___world (1997) Spice Girls
27%
The Low End Theory (1991) A Tribe Called Quest
26%
Hot Rats (1969) Frank Zappa
26%
Maggot Brain (1971) Funkadelic
26%
DS2 (2015) Future
26%
On the 6 (1999) Jennifer Lopez
26%
Radio (1985) LL Cool J
26%
___ ___ Plays W. C. Handy (1954) Louis Armstrong
26%
Madvillainy (2004) MF DOOM / Madlib / Madvillain
26%
Kala (2007) M.I.A.
26%
In the Aeroplane Over the Sea (1998) Neutral Milk Hotel
26%
___ Blue: ___ ___ Sings Soul (1965) Otis Redding
26%
Cloud Nine (1969) The Temptations
26%
Let Go (2002) Avril Lavigne
25%
"Awaken, My Love!" (2016) Childish Gambino
25%
Heaven or Las Vegas (1990) Cocteau Twins
25%
Human Clay (1999) Creed
25%
White pony (2000) Deftones
25%
The Colour and the Shape (1997) Foo Fighters
25%
2014 Forest Hills Drive (2014) J. Cole
25%
Mothership Connection (1975) Parliament
25%
1000 Forms of Fear (2014) Sia
25%
If You Can Believe Your Eyes and Ears (1966) The Mamas & The Papas
25%
Superfly (1972) Curtis Mayfield
24%
Night Visions (2012) Imagine Dragons
24%
Leftoverture (1976) Kansas
24%
Love Deluxe (1992) Sade
24%
Bella donna (1981) Stevie Nicks
24%
Everybody Else Is Doing It, So Why Can't We? (1993) The Cranberries
24%
EMOTION (2015) Carly Rae Jepsen
23%
Confident (2015) Demi Lovato
23%
___-Duz-It (1988) Eazy-E
23%
When the Pawn (1999) Fiona Apple
23%
Reach Out (1967) Four Tops
23%
Wichita Lineman (1968) Glen Campbell
23%
Man on the Moon: The End of Day (2009) Kid Cudi
23%
Exile in Guyville (1993) Liz Phair
23%
Forever Changes (1967) Love
23%
A Fever You Can't Sweat Out (2005) Panic! at the Disco
23%
Iowa (2001) Slipknot
23%
Last Time Around (1968) Buffalo Springfield
22%
American Beauty (1970) Grateful Dead
22%
Painkiller (1990) Judas Priest
22%
Follow the Leader (1998) Korn
22%
Second Helping (1974) Lynyrd Skynyrd
22%
Gunfighter Ballads and Trail Songs (1959) Marty Robbins
22%
Loveless (1991) My Bloody Valentine
22%
Stick Season (2022) Noah Kahan
22%
Riot! (2007) Paramore
22%
Night Beat (1963) Sam Cooke
22%
______tellem.com (2007) Soulja Boy
22%
Currents (2015) Tame Impala
22%
Pisces, Aquarius, Capricorn & Jones Ltd. (1967) The Monkees
22%
Odessey and Oracle (1968) The Zombies
22%
i am > i was (2018) 21 Savage
21%
Acid Rap (2013) Chance the Rapper
21%
Sunshine Superman (1966) Donovan
21%
Liquid Swords (1995) GZA
21%
Cuz I Love You (2019) Lizzo
21%
Swimming (2018) Mac Miller
21%
Culture (2017) Migos
21%
Daydream Nation (1988) Sonic Youth
21%
3 Feet High and Rising (1989) De La Soul
20%
Animal (2010) Kesha
20%
Eternal Atake (2020) Lil Uzi Vert
20%
IV (1982) TOTO
20%
Rolling Papers (2011) Wiz Khalifa
20%
4 (1981) Foreigner
19%
Good News (2020) Megan Thee Stallion
19%
Oracular Spectacular (2008) MGMT
19%
Just for You (1967) Neil Diamond
19%
Pink Moon (1972) Nick Drake
19%
Pastel Blues (1965) Nina Simone
19%
Trench (2018) Twenty One Pilots
19%
Goodbye & Good Riddance (2018) Juice WRLD
18%
Chelsea Girl (1967) Nico
18%
Human Being (1998) Seal
18%
The Twain Shall Meet (1968) The Animals
18%
Things Fall Apart (1999) The Roots
18%
17 (2017) XXXTENTACION
18%
Homecoming (1972) America
17%
Love Yourself 'Tear' (2018) BTS
17%
Voodoo (2000) D'Angelo
17%
Nothing but the Beat (2011) David Guetta
17%
Fresh Fruit for Rotting Vegetables (1980) Dead Kennedys
17%
Mama's Gun (2000) Erykah Badu
17%
You Don't Mess Around With ___ (1972) Jim Croce
17%
My Life (1994) Mary J. Blige
17%
Black on Both Sides (1999) Mos Def
17%
Power, Corruption & Lies (1983) New Order
17%
Native (2013) OneRepublic
17%
A Quiet Storm (1975) Smokey Robinson
17%
Eat a Peach (1972) The Allman Brothers Band
17%
Rain Dogs (1985) Tom Waits
17%
Another Green World (1975) Brian Eno
16%
The Black Saint and the Sinner Lady (1963) Charles Mingus
16%
It's Dark and Hell Is Hot (1998) DMX
16%
Title (2015) Meghan Trainor
16%
Planet ___ (2011) Pitbull
16%
Die Lit (2018) Playboi Carti
16%
Look What the Cat Dragged In (1986) Poison
16%
DAYTONA (2018) Pusha T
16%
Illuminate (2016) Shawn Mendes
16%
Damn the Torpedoes (1979) Tom Petty & The Heartbreakers
16%
Rockinghorse (1992) Alannah Myles
15%
Merriweather Post Pavilion (2009) Animal Collective
15%
Selected Ambient Works 85-92 (1992) Aphex Twin
15%
Some Rap Songs (2018) Earl Sweatshirt
15%
Supreme Clientele (2000) Ghostface Killah
15%
Golden Hour (2018) Kacey Musgraves
15%
HEROES & VILLAINS (2022) Metro Boomin
15%
Supa Dupa Fly (1997) Missy Eliot
15%
Souvlaki (1993) Slowdive
15%
How I'm Feeling Now (2020) Charlie xcx
14%
Either / Or (1997) Elliot Smith
14%
Head Hunters (1973) Herbie Hancock
14%
Wasteland, Baby! (2019) Hozier
14%
The Forever Story (2022) JID
14%
My Turn (2020) Lil Baby
14%
One Thing at a Time (2023) Morgan Wallen
14%
Astro Lounge (1999) Smash Mouth
14%
Memories... Do Not Open (2017) The Chainsmokers
14%
A Boy Named ___ (1995) The Goo Goo Dolls
14%
Just as I Am (1971) Bill Withers
13%
Be (2005) Common
13%
Kirk (2019) DaBaby
13%
Mail on Sunday (2008) Flo Rida
13%
Donuts (2006) J Dilla
13%
Sound of Silver (2007) LCD Soundsystem
13%
Sometimes I Might Be Introvert (2021) Little Simz
13%
Word of Mouf (2001) Ludacris
13%
The Infamous (1995) Mobb Deep
13%
Punisher (2020) Phoebe Bridgers
13%
Stay Hungry (1984) Twisted Sister
13%
Aquarium (1997) Aqua
12%
Piñata (2014) Freddie Gibbs / Madlib
12%
Get Lifted (2004) John Legend
12%
Let's Start Here. (2023) Lil Yachty
12%
So Tonight That I Might See (1993) Mazzy Star
12%
Summer Breeze (1972) Seals & Crofts
12%
New Gold Dream (1982) Simple Minds
12%
40 Oz. to Freedom (1992) Sublime
12%
Laughing Stock (1991) Talk Talk
12%
The Captain and Me (1973) The Doobie Brothers
12%
Bizarre Ride II the ___ (1992) The Pharcyde
12%
ANThology (2001) Alien Ant Farm
11%
Secret Treaties (1976) Blue Öyster Cult
11%
Across 110th Street (1972) Bobby Womack
11%
Make Way for ___ ___ (1964) Dionne Warwick
11%
___ ___'s Far East Suite (1967) Duke Ellington
11%
Lungs (2009) Florence + The Machine
11%
St. Elsewhere (2006) Gnarls Barkley
11%
A Little Bit Longer (2008) Jonas Brothers
11%
Return to the 36 Chambers: the ___ Version (1995) Ol' Dirty Bastard
11%
Oxymoron (2014) ScHoolboy Q
11%
Soundtracks for the Blind (1996) Swans
11%
First Band on the Moon (1996) The Cardigans
11%
So Much Fun (2019) Young Thug
11%
Saturation (2017) BROCKHAMPTON
10%
Minecraft: Volume Alpha (2011) C418
10%
Finally Rich (2012) Chief Keef
10%
___ From the Heart (1982) George Strait
10%
Changes in Latitudes, Changes in Attitudes (1977) Jimmy Buffett
10%
Dancing in the Moonlight (1972) King Harvest
10%
Hard Again (1977) Muddy Waters
10%
Desolation Boulevard (1974) Sweet
10%
A Brief Inquiry Into Online Relationships (2018) The 1975
10%
Brothers (2010) The Black Keys
10%
Big Fish Theory (2017) Vince Staples
10%
LiveLove___ (2011) A$AP Rocky
9%
Melophobia (2013) Cage The Elephant
9%
Fashion Nugget (1996) CAKE
9%
Heaven Tonight (1978) Cheap Trick
9%
Cheat Codes (2022) Danger Mouse / Black Thought
9%
___ ___ Sings the Cole Porter Song Book (1956) Ella Fitzgerald
9%
DS4EVER (2022) Gunna
9%
MICHAEL (2023) Killer Mike
9%
Wild and Peaceful (1973) Kool & The Gang
9%
The Documentary (2005) The Game
9%
Go for Your Guns (1977) The Isley Brothers
9%
Drums and Wires (1979) XTC
9%
When the Kite String Pops (1994) Acid Bath
8%
Ocean Rain (1984) Echo & the Bunnymen
8%
Travelling Without Moving (1996) Jamiroquai
8%
Tattoos (2013) Jason Derulo
8%
1999 (2012) Joey Bada$$
8%
Teflon Don (2010) Rick Ross
8%
Pray for Paris (2020) Westside Gunn
8%
Cooleyhighharmony (1991) Boys II Men
7%
What You See Is What You Get (2019) Luke Combs
7%
Sign No More (2009) Mumford & Sons
7%
Meow the ___ [remixes] (2015) Run The Jewels
7%
Quest for Fire (2023) Skrillex
7%
Flood (1990) They Might Be Giants
7%
Journey in Satchidananda (1971) Alice Coltrane
6%
Pieces of a Man (1971) Gil Scott-Heron
6%
Vibras (2018) J Balvin
6%
Isolation (2018) Kali Uchis
6%
Mama Said (1991) Lenny Kravitz
6%
Kings of Crunk (2002) Lil Jon & the East Side Boyz
6%
Modal Soul (2005) Nujabes
6%
Blue (1999) Third Eye Blind
6%
Crusin' (1978) Village People
6%
Based on a True Story... (2013) Blake Shelton
5%
Immunity (2019) Clairo
5%
Horse Rotorvator (1986) Coil
5%
Chicken Talk (2006) Gucci Mane
5%
Hot Buttered Soul (1969) Issac Hayes
5%
L.A.M.F. (1977) Johnny Thunders / Heartbreakers
5%
Bewitched (2023) Laufey
5%
Karma (1969) Pharoah Sanders
5%
Don't Play That Song! (1962) Ben E. King
4%
Purple Haze (2004) Cam'ron
4%
It Could Happen to You (1958) Chet Baker
4%
Painting Pictures (2017) Kodak Black
4%
Oncle Jazz (2019) Men I Trust
4%
Don't Break the Oath (1984) Mercyful Fate
4%
Partners in Crime (1979) Rupert Holmes
4%
American Water (1998) Silver Jews
4%
Fantastic, Vol. 2 (2000) Slum Village
4%
Jazz Samba (1962) Stan Getz
4%
Everything's ___ (1968) The Archies
4%
La La Means I Love You (1968) The Delfonics
4%
Ravedeath, 1972 (2011) Tim Hecker
4%
Unleashed (2002) Toby Keith
4%
Hallowed Ground (1984) Violent Femmes
4%
A Written Testimony (2020) Jay Electronica
3%
On How Life Is (1999) Macy Gray
3%
Resident Alien (1995) Spacehog
3%
Quality (2002) Talib Kweli
3%
Drunk (2017) Thundercat
3%
Crossroads (1989) Tracy Chapman
3%
Who Really Cares (2016) TV Girl
3%
Dreaming My Dreams (1975) Waylon Jennings
3%
Portrait in Jazz (1960) Bill Evans
2%
Abandoned Luncheonette (1973) Daryl Hall & John Oates
2%
Sweet Revenge (1973) John Prine
2%
Everybody Loves The Sunshine (1976) Roy Ayers
2%
CINEMA (2021) The Marías
2%
Struttin' (1970) The Meters
2%
The Soul of a Bell (1967) William Bell
2%
Trick (2013) Alex G
1%
Goin' Off (1988) Biz Markie
1%
Harlem Street Singer (1960) Blind Gary Davis
1%
Troupeau bleu (1975) Cortex
1%
Shine (2008) Estelle
1%
Don't Close Your Eyes (1988) Keith Whitley
1%
The Silver Tongued Devil and I (1971) Kirs Kristoff
1%
Danger Zone (1978) Player
1%
Black Radio (2012) Robert Glasper
1%
Life Is a Song Worth Singing (1978) Teddy Pendergrass
1%
Look Out for #1 (1976) The Brothers Johnson
1%
Hollywood Dream (1970) Thunderclap Newman
1%
Close to the Bone (1983) Tom Tom Club
1%
Back to Oakland (1974) Tower of Power
1%
The Incredible Jazz guitar of ___ ___ (1960) Wes Montomery
1%
Electrified Funk (1977) Wild Cherry
1%
IV (2016) BADBADNOTGOOD
0%
The One Giveth, The Count Taketh Away (1982) Bootsy Collins
0%
My Love and Music (1976) Ebo Taylor
0%
Struttin' My Stuff (1975) Elvin Bishop
0%
Mister Magic (1975) Groover Washington Jr.
0%
I Miss You (1972) Harold Melvin & The Blue Notes
0%
Much ___ (1969) Les McCann
0%
Woman to Woman (1974) Shirley Brown
0%
Ferguslie Park (1973) Stealers Wheel
0%
Action (1977) The Blackbyrds
0%
Overseas (1969) Tommy Flanagan
0%
Renaissance (1968) Vanilla Fudge
0%
No matching quizzes found
Score Distribution
Percent of People with Each Score
Percentile by Number Answered
Your Score History
You have not taken this quiz